| 000 | 00000nam 2200000zi 4500 |
| 001 | 9.955143 |
| 003 | CaOODSP |
| 005 | 20250911134758 |
| 006 | m o d f |
| 007 | cr mn||||||||| |
| 008 | 250911m19721975oncab ob f001 0 fre d |
| 040 | |aCaOODSP|bfre|erda|cCaOODSP |
| 043 | |an-cn--- |
| 086 | 1 |aM43-1/1969F-PDF|zM43-1/1969F|zM43-1/1972-8/13F |
| 245 | 00|aGéologie et ressources minérales du Canada. |
| 250 | |aCinquième édition. |
| 264 | 1|a[Ottawa] : |bCommission géologique du Canada, |c1972-1975. |
| 300 | |a1 ressource en ligne (3 volumes) : |billustrations (certaines en couleur), cartes (certaines en couleur). |
| 336 | |atexte|btxt|2rdacontent/fre |
| 337 | |ainformatique|bc|2rdamedia/fre |
| 338 | |aressource en ligne|bcr|2rdacarrier/fre |
| 490 | 1 |aSérie de la géologie économique ; |vn° 1 |
| 500 | |aPublié aussi en anglais sous le titre : Geology and economic minerals of Canada. |
| 500 | |a« R.J.W. Douglas, rédacteur scientifique. » |
| 500 | |a« L.-P. Tremblay, rédacteur scientifique de l'édition française. » |
| 500 | |a« Pour la commodité de l'utilisateur, la version française de ce long texte est publiée en trois volumes. La partie A comprend les chapitres I à VII; la partie B, les chapitres VIII à XIII; et la partie C, un recueil de tableaux schématiques et de cartes. » |
| 500 | |aIl manque 7 cartes de la partie C. |
| 500 | |aÉdition numérisée de l'imprimé [par Ressources naturelles Canada]. |
| 504 | |aComprend des références bibliographiques et un index. |
| 505 | 0 |apart. A -- part. B -- part. C. |
| 520 | |a« Le présent ouvrage constitue la cinquième édition de Géologie et ressources minérales du Canada et forme un traite général des connaissances actuelles sur la géologie du Canada. Pour la première fois, il a été possible d'exposer en détail, a l'échelle du pays, les différents aspects de la géologie, et de tenter d'établir une synthèse tectonique des quatre principales régions géologiques: le Bouclier canadien et les régions phanérozoïques de bordure, c'est-a-dire les plates-formes et orogènes du Sud-Est, de l'Ouest et de l'Arctique canadien. L'ouvrage est accompagne d'un recueil de tableaux schématiques de corrélation géotectonique de chacune de ces régions, et de huit cartes a l'échelle de 1:5,000,000 représentant la géologie, la tectonique, les gites minéraux, les éléments glaciaires, la physiographie, les âges isotopiques et les anomalies magnétiques et gravimétriques. Dans le texte, les données sont brièvement résumées, les interprétations et conclusions économiques et scientifiques sont présentées nettement a part. … » -- Préface (part. A). |
| 650 | 6|aGéologie|zCanada. |
| 650 | 6|aGéologie économique|zCanada. |
| 650 | 6|aMines et ressources miniè€res|zCanada. |
| 650 | 0|aGeology|zCanada. |
| 650 | 0|aEconomic geology|zCanada. |
| 650 | 0|aMines and mineral resources|zCanada. |
| 700 | 1 |aDouglas, R. J. W. |q(Robert John Wilson), |d1920-1979 |eéditeur intellectuel. |
| 700 | 1 |aTremblay, L. P., |eéditeur intellectuel. |
| 710 | 2 |aCommission géologique du Canada, |eorganisme de publication. |
| 830 | #0|aSérie de la géologie économique (Commission géologique du Canada)|vn° 1. |
| 856 | 40|qPDF|s136.00 Mo|uhttps://publications.gc.ca/collections/collection_2025/rncan-nrcan/M43-1-1969-1-fra.pdf|zPart. A (chapitres I à VII) |
| 856 | 40|qPDF|s252.00 Mo|uhttps://publications.gc.ca/collections/collection_2025/rncan-nrcan/M43-1-1969-2-fra.pdf|zPart. B (chapitres VIII à XIII) |
| 856 | 40|qPDF|s19.40 Mo|uhttps://publications.gc.ca/collections/collection_2025/rncan-nrcan/M43-1-1969-3-fra.pdf|zPart. C. Tableau schématique de corrélation géotectonique pour le Bouclier canadien |
| 856 | 40|qPDF|s28.70 Mo|uhttps://publications.gc.ca/collections/collection_2025/rncan-nrcan/M43-1-1969-4-fra.pdf|zPart. C. Tableau schématique de corrélation géotectonique de sud-est du Canada |
| 856 | 40|qPDF|s37.40 Mo|uhttps://publications.gc.ca/collections/collection_2025/rncan-nrcan/M43-1-1969-5-fra.pdf|zPart. C. Tableau schématique de corrélation géotectonique pour l'Ouest du Canada |
| 856 | 40|qPDF|s18.00 Mo|uhttps://publications.gc.ca/collections/collection_2025/rncan-nrcan/M43-1-1969-6-fra.pdf|zPart. C. Tableau schématique de corrélation géotectonique des îles de l'Arctique |
| 856 | 40|qPDF|s12.20 Mo|uhttps://publications.gc.ca/collections/collection_2025/rncan-nrcan/M43-1-1969-7-fra.pdf|zPart. C. Carte géologique du Canada |